000 00705nam a22001577a 4500
003 OSt
005 20250224114237.0
008 250224b |||||||| |||| 00| 0 eng d
040 _aSEKU
050 _aSB 203.3
_b.A357 P6 1986
245 _aPotentials of forage legumes in farming systems of sub-Saharan Africa : proceedings of a workshop held at ILCA, Addis Ababa, Ethiopia, 16-19 September 1985 / edited by I. Haque, S. Jutzi, P.J.H Neate.
_c edited by I. Haque, S. Jutzi, P.J.H Neate.
260 _aAddis Ababa, Ethiopia : I 1986.
_bInternational Livestock Centre for Africa,
_c1988
300 _axi, 569 p. :
648 _2Legumes
_xForage plants-
_zAfrica, Sub-Saharan--Congresses.
942 _2lcc
_cGEN
999 _c18529
_d18529